LIBRARY & INFORMATION CENTRE, KCAET, TAVANUR

ONLINE PUBLIC ACCESS CATALOGUE (OPAC)

Manja mukham / (Record no. 6615)

MARC details
000 -LEADER
fixed length control field 00379cam a2200145ua 4500
041 ## - LANGUAGE CODE
Language code of text/sound track or separate title mal
082 ## - DEWEY DECIMAL CLASSIFICATION NUMBER
Classification number 894.812308
Item number RAM/MA
100 ## - MAIN ENTRY--AUTHOR NAME
Personal name Ramakrishnan, Malayattoor.
245 ## - TITLE STATEMENT
Title Manja mukham /
260 ## - PUBLICATION, DISTRIBUTION, ETC. (IMPRINT)
Place of publication Konni :
Name of publisher Venus Press & Book Depot, ,
Year of publication 1959.
300 ## - PHYSICAL DESCRIPTION
Number of Pages 147 ; .
942 ## - ADDED ENTRY ELEMENTS (KOHA)
Koha item type Books
Holdings
Withdrawn status Lost status Damaged status Home library Current library Date acquired Full call number Accession Number Koha item type
Withdrawn     KAUAET Sanskrit University 07/04/2012 894.812308 943 Books
free website counter